Exam ref 70-532 : (Record no. 99276)

MARC details
000 -LEADER
fixed length control field 00942nam a22002537a 4500
010 ## - LCCN (DPL NO)
LC control number ENG-114990
020 ## - INTERNATIONAL STANDARD BOOK NUMBER
International Standard Book Number 9788120351950
Terms of availability 595.00
035 ## - SYSTEM CONTROL NUMBER
System control number EN-98522
037 ## - SOURCE OF ACQUISITION
Source of stock number/acquisition DBAD/PUB
082 ## - DEWEY DECIMAL CLASSIFICATION NUMBER
Classification number 004.6782
100 ## - MAIN ENTRY--PERSONAL NAME
Personal name Tejada, Zoiner
245 ## - TITLE STATEMENT
Title Exam ref 70-532 :
Statement of responsibility, etc by Zoiner Tejada, Michele Leroux Bustamante [and] Ike Ellis
Remainder of title developing Microsoft Azure solutions /
246 ## - VARYING FORM OF TITLE
Title proper/short title Developing Microsoft Azure solutions
260 ## - PUBLICATION, DISTRIBUTION, ETC. (IMPRINT)
Place of publication, distribution, etc Delhi
Name of publisher, distributor, etc PHI Learning
Date of publication, distribution, etc 2016
270 ## - ADDRESS
Address Rimjhim House, 111, Patparganj Industrial Estate,
City Delhi
Postal code 110092
300 ## - PHYSICAL DESCRIPTION
Extent xiv,413p. :
Dimensions 24cm(Pbk)
Other physical details ill.
500 ## - GENERAL NOTE
General note At head of title: Microsoft.
500 ## - GENERAL NOTE
General note Includes index
650 ## - SUBJECT ADDED ENTRY--TOPICAL TERM
Topical term or geographic name as entry element Cloud computing
General subdivision Examinations
Form subdivision Study guides.
650 ## - SUBJECT ADDED ENTRY--TOPICAL TERM
Topical term or geographic name as entry element Electronic data processing personnel
General subdivision Certification
Form subdivision Study guides.
700 ## - ADDED ENTRY--PERSONAL NAME
Personal name Bustamante, Miichele Leroux
700 ## - ADDED ENTRY--PERSONAL NAME
Personal name Ellis, Ike
942 ## - ADDED ENTRY ELEMENTS (KOHA)
Source of classification or shelving scheme Dewey Decimal Classification
Item type English Books
Call number suffix TEJ
Classification part 004.6782
Holdings
Withdrawn status Lost status Not for loan Collection code Home library Current library Date acquired Source of acquisition Cost, normal purchase price Full call number Barcode Copy number Cost, replacement price Koha item type
    Not For Loan Non-fiction D.B.Act.Division Bawana 23/02/2016 DBAD/PUB 595.00 004.6782 TEJ EN-98522 1 595.00 English Books

© Delhi Public Library
Hit Counter
free hit counter